Statistics for The Whole McDonalds Menu (UK)

Click here to take the quiz!

General Stats

  • This quiz has been taken 663 times
    (408 since last reset)
  • The average score is 41 of 89

Answer Stats

Item Off Menu% Correct
BurgerBig Mac
94%
BurgerCheeseburger
88%
Happy MealCheeseburger
88%
BurgerDouble Cheeseburger
88%
ChickenChicken McNuggets
87%
Happy MealChicken McNuggets
87%
MilkshakeChocolate
80%
Fizzy DrinkCoca Cola
80%
SidesFries
79%
MilkshakeStrawberry
78%
Frozen LemonadeStrawberry
78%
FrappeStrawberry
78%
MilkshakeVanilla
78%
Fizzy DrinkSprite
74%
DessertBerry Muffin
73%
Fizzy DrinkFanta
73%
BreakfastMuffin With Jam
73%
BurgerHamburger
72%
Happy MealHamburger
72%
BurgerQuarter Pounder
71%
Still DrinkWater
69%
ChickenMcChicken Sandwich
67%
McFlurryOreo
65%
MilkshakeBanana
62%
McCafeBlack Coffee
62%
VegetarianFilet O Fish
58%
SaladSide Salad
58%
McCafeLatte
57%
Fizzy DrinkDiet Coke
54%
FrappeCaramel
53%
McFlurryCaramel
53%
BreakfastEgg McMuffin
53%
Still DrinkTropicana Orange Juice
53%
SidesFruit Bag
52%
BreakfastPancakes and syrup
51%
McFlurrySmartie
51%
ChickenMayo Chicken
48%
Still DrinkMilk
48%
ChickenChicken Selects
47%
McCafeTea
47%
DessertApple Pie
46%
McCafeCappuccino
46%
BreakfastHash Brown
46%
BreakfastDouble Mcmuffin
45%
Still DrinkOasis
45%
McFlurryMalteaser
44%
SmoothieMango and Pineapple
41%
DessertMillionares Donut
41%
WrapThe Sweet Chilli Chicken One
41%
ChickenMcSpicy
40%
DessertSugar Donut
40%
McCafeHot Chocolate
39%
ChickenChicken Legend
38%
BreakfastSausage McMuffin
38%
DessertCookie
37%
McCafeEspresso
37%
SaladCrispy Chicken Salad
36%
DessertBrownie
35%
McCafeFlat white
35%
BreakfastBreakfast Roll
34%
McFlurryCadbury Dairy Milk
33%
BreakfastBacon McMuffin
32%
Happy MealFish Fingers
31%
McFlurryGalaxy
31%
Still DrinkRobinsons FruitShoot
31%
McCafeWhite Coffee
30%
BreakfastBacon Roll
28%
BreakfastPorridge
28%
VegetarianVeggie Dippers
27%
Happy MealVeggie Dippers
27%
SidesMozzarella Dippers
25%
SidesCucumber Sticks
24%
McFlurryTwix
24%
WrapThe BBQ Chicken And Bacon One
22%
BreakfastBreakfast Wrap
21%
McFlurryCreme Egg
21%
McFlurryMars
21%
McCafeToffee Latte
20%
VegetarianVeggie Deluxe
20%
McFlurryAero
19%
Fizzy DrinkIRN BRU
18%
McFlurryCrunchie
17%
Iced CoolerRaspberry Ripple
17%
BreakfastBagel
15%
SaladGrilled Chicken Salad
12%
WrapThe Spicy Veggie One
11%
BreakfastBacon Flatbread
9%
WrapThe Garlic Mayo Chicken One
9%
FrappeBelgian Chocolate
8%

Score Distribution

Percentile by Number Answered

Percent of People with Each Score

Your Score History

You have not taken this quiz since the last reset